<?xml version="1.0" encoding="UTF-8"?>
<collection xmlns:xsi="http://www.w3.org/2001/XMLSchema-instance" xsi:schemaLocation="http://www.loc.gov/MARC21/slim http://www.loc.gov/standards/marcxml/schema/MARC21slim.xsd" xmlns="http://www.loc.gov/MARC21/slim">
 <record>
  <leader>00000cam a22000004i 4500</leader>
  <controlfield tag="001">UP-99796217611881853</controlfield>
  <controlfield tag="003">Buklod</controlfield>
  <controlfield tag="005">20151124125723.0</controlfield>
  <controlfield tag="006">m     o  j        </controlfield>
  <controlfield tag="007">ta</controlfield>
  <controlfield tag="008">151124s2014    xx     d     r    |||| u|</controlfield>
  <datafield tag="020" ind1=" " ind2=" ">
   <subfield code="a">9781442231658 (pbk. : alk. paper)</subfield>
  </datafield>
  <datafield tag="035" ind1=" " ind2=" ">
   <subfield code="a">(iLib)UPD-00252006313</subfield>
  </datafield>
  <datafield tag="040" ind1=" " ind2=" ">
   <subfield code="a">DLS</subfield>
   <subfield code="e">rda</subfield>
  </datafield>
  <datafield tag="041" ind1=" " ind2=" ">
   <subfield code="a">eng</subfield>
  </datafield>
  <datafield tag="042" ind1=" " ind2=" ">
   <subfield code="a">DMLUC</subfield>
  </datafield>
  <datafield tag="090" ind1=" " ind2=" ">
   <subfield code="a">Z 711</subfield>
   <subfield code="b">C86 2014</subfield>
  </datafield>
  <datafield tag="245" ind1="0" ind2="0">
   <subfield code="a">Curriculum-based library instruction</subfield>
   <subfield code="b">from cultivating faculty relationships to assessment</subfield>
   <subfield code="c">edited by Amy Blevins, Megan Inman.</subfield>
  </datafield>
  <datafield tag="264" ind1=" " ind2="1">
   <subfield code="a">Lanham</subfield>
   <subfield code="b">Rowman &amp; Littlefield</subfield>
   <subfield code="c">[2014]</subfield>
  </datafield>
  <datafield tag="300" ind1=" " ind2=" ">
   <subfield code="a">xiii, 234 pages</subfield>
   <subfield code="b">illustrations</subfield>
   <subfield code="c">23 cm.</subfield>
  </datafield>
  <datafield tag="336" ind1=" " ind2=" ">
   <subfield code="a">text</subfield>
   <subfield code="2">rdacontent</subfield>
  </datafield>
  <datafield tag="337" ind1=" " ind2=" ">
   <subfield code="a">unmediated</subfield>
   <subfield code="2">rdamedia</subfield>
  </datafield>
  <datafield tag="338" ind1=" " ind2=" ">
   <subfield code="a">volume</subfield>
   <subfield code="2">rdacarrier</subfield>
  </datafield>
  <datafield tag="490" ind1="0" ind2=" ">
   <subfield code="a">Medical Library Association books</subfield>
  </datafield>
  <datafield tag="504" ind1=" " ind2=" ">
   <subfield code="a">Includes bibliographical references and index.</subfield>
  </datafield>
  <datafield tag="505" ind1="0" ind2=" ">
   <subfield code="a">Instructional roles for librarians / Jessica Cole -- Getting your foot in the door / Susan Kraat -- Introduction to learning theories / Rebecca S. Graves and Shelly R. McDavid -- Adult learning / Christine Andresen and Katy Kavanagh Webb -- Active learning / Barbara A. Gushrowski -- Introduction to instructional techniques / Rebecca S. Graves and Shelly R. McDavid -- Audience response systems / Emily Johnson -- Team based learning / Brandi Tuttle and Adrianne Leonardelli -- Lesson study in the nursing curriculum / Bryan S. Vogh, Hans Kishel, and Eric Jennings -- Online instruction / Megan B. Inman -- Face to face instruction / Michele Malloy and Sarah Cantrell -- Blended librarianship / Daniel P. Gall -- Incorporating self-assessment and peer assessment into library instructional practice / Stephan J. Macaluso -- What is evidence-based practice? / Connie Schardt -- Creating a curriculum based library instruction plan for medical students / Amy E. Blevins -- Librarians role in evidence-based medicine integration into the medical curriculum / Heather A. McEwen, Rienne Johnson, LuAnne M. Stockton, Janice M. Spalding, David M. Sperling, Lisa N. Weiss -- Reflections on involvement in a graduate nursing curriculum / Jennifer Deberg -- Strategies for building an information skills curriculum : the University of Michigan experience / Mark P. MacEachern and Whitney Townsend -- What is biomedical informatics? : an overview and case study / Carolyn Schubert -- What is information literacy? / April Cunningham and Allie Carr -- How to achieve information literacy integration / Allie Carr and April Cunningham -- A curricular approach to information literacy instruction in sociology : a case study / Adam T. Beauchamp -- Evolution of an undergraduate business information literacy class : a case study / Kimberly Bloedel -- The expanding role of information literacy in the freshman writing program at Saint Louis University : a case study / Jamie L. Emery.</subfield>
  </datafield>
  <datafield tag="650" ind1=" " ind2="0">
   <subfield code="a">Library orientation.</subfield>
  </datafield>
  <datafield tag="650" ind1=" " ind2="0">
   <subfield code="a">Library orientation for medical students.</subfield>
  </datafield>
  <datafield tag="650" ind1=" " ind2="0">
   <subfield code="a">Information literacy</subfield>
   <subfield code="x">Study and teaching.</subfield>
  </datafield>
  <datafield tag="650" ind1=" " ind2="0">
   <subfield code="a">Academic libraries</subfield>
   <subfield code="x">Relations with faculty and curriculum.</subfield>
  </datafield>
  <datafield tag="650" ind1=" " ind2="0">
   <subfield code="a">Medical librarians.</subfield>
  </datafield>
  <datafield tag="700" ind1="1" ind2=" ">
   <subfield code="a">Blevins, Amy</subfield>
   <subfield code="d">1981-</subfield>
   <subfield code="e">editor.</subfield>
  </datafield>
  <datafield tag="700" ind1="1" ind2=" ">
   <subfield code="a">Inman, Megan</subfield>
   <subfield code="d">1983-</subfield>
   <subfield code="e">editor.</subfield>
  </datafield>
  <datafield tag="852" ind1="0" ind2=" ">
   <subfield code="a">UPD</subfield>
   <subfield code="b">DLS</subfield>
   <subfield code="h">Z 711</subfield>
   <subfield code="i">C86 2014</subfield>
  </datafield>
  <datafield tag="942" ind1=" " ind2=" ">
   <subfield code="a">Book</subfield>
  </datafield>
 </record>
</collection>
